00291nam a2200133Ia 4500100001900000250000600019366000700025654002200032245003800054260002700092082001800119300000800137546001200145 aDubey/Gopal K  a2 f15 aelectrical drives aFundamentals of Electrical drives bNarosa Pub Housec1995 a621.3135bDUB a392 aENGLISH